| 000 | 01041cam a22001934a 4500 | ||
|---|---|---|---|
| 005 | 20250605163959.0 | ||
| 008 | 250528s ||||||||||||||||||||||||d | ||
| 035 | _a15580 | ||
| 020 | _a137315899 | ||
| 040 |
_aGR-AtMCL _bgre _dGR-AtMCL _eAACR2 |
||
| 245 | 1 | _aPrototyping / The Effective Use of CASE Technology | |
| 260 |
_bPrentice Hall, _c1990 |
||
| 300 | _a158 | ||
| 520 | _aThis book aims to clarify the prototyping concept by discussing all the major facets of this approach to requirements definition. Preface, The Prototyping Concept, Meeting the Organization's Information Needs, Prototyping - Concepts and Terminology, Introduction and Use of Prototyping, A Detailed View of the Prototyping Process, Initiation Phase, The Further Course of the Project, The Technology Behind Prototyping, Basic Concepts of Data Dictionary Systems, Analyst Workbenches, Fourth-Generation Languages, The State of the Art, The ISO Three-level Approach, Index. | ||
| 700 | 1 |
_aVonk Roland _91538 |
|
| 942 | _cBK | ||
| 999 |
_c1150 _d1150 |
||